Fallen - Evanescence - Statistics

General Stats
  • This quiz has been taken 28 times
  • The average score is 9 of 12
Answer Stats
Song % Correct
Bring Me to Life
100%
Going Under
96%
My Immortal
88%
My Immortal - Band Version
88%
Everybody's Fool
75%
Hello
67%
Haunted
63%
Imaginary
63%
Taking Over Me
58%
Whisper
58%
My Last Breath
54%
Torniquet
50%
No matching quizzes found
Score Distribution
Percent of People with Each Score
Percentile by Number Answered
Your Score History
You have not taken this quiz